Skaly na Slovensku lezecký sprievodca II Malé Karpaty

Bibliographic Details
Main Author: Linek, Vladimír, 1964- (Author, Photographer, Cartographer, Translator)
Other Authors: Greksáková, Zuzana, 1987- (Translator)
Format: Book
Language:Slovak
English
PhysicalDescription:286 strán farebné fotografie, ilustrácie, mapy 21 cm
Published: Bratislava Autor vlastným nákladom 2024
ISBN:9788057063568
Edition:3. vydanie
Subjects:

MARC

LEADER 00000cam a2200000 4500
001 vtls012270436
003 SK-MaSNL
005 20260301124618.0
008 250203s2024 xo oab frf 000 0 slo
015 |a SNBA2025/4 
020 |a 9788057063568  |q (brožované) 
040 |a SNK  |b slo  |c SNK  |e rda 
041 1 |a slo  |a eng 
043 |a e-xo--- 
044 |a xo  |c SK 
072 7 |a 796  |x Šport. Hry. Telesné cvičenia  |2 konspekt 
080 |a 796.52  |2 2011 
080 |a 796.526  |2 2011 
080 |a 234.372.4  |2 2011 
080 |a 437.6-14  |2 2011 
080 |a (036)913  |2 2011 
100 1 |a Linek, Vladimír,  |d 1964-  |4 aut  |4 pht  |4 bkd  |4 ctg  |4 trl  |9 217584 
245 1 0 |a Skaly na Slovensku  |b lezecký sprievodca  |n II  |p Malé Karpaty  |c Vladimír Linek a kol. ; preklad Zuzana Greksáková, Vladimír Linek 
246 3 0 |a Lezecký sprievodca 
246 3 1 |a Rock climbing guidebook 
246 3 0 |a Malé Karpaty 
250 |a 3. vydanie 
264 1 |a Bratislava  |b Autor vlastným nákladom  |c 2024 
300 |a 286 strán  |b farebné fotografie, ilustrácie, mapy  |c 21 cm 
336 |a text  |b txt  |2 rdacontent 
336 |a statický obraz  |b sti  |2 rdacontent 
337 |a bez média  |b n  |2 rdamedia 
338 |a zväzok  |b nc  |2 rdacarrier 
500 |a Na obálke dole uvedené: Platňa, Technické sklo, Pajštún, Medená hámre, Medvedia skala, Čertove zuby, Malé hradisko, Bezka, Havranica, Skaly nad Vyvieračkou, Zlepence, Veľká pec 
500 |a Obsahuje profesijné údaje o autorovi 
546 |a Súbežný text v angličtine 
650 0 7 |a horolezectvo  |2 SNKPH  |9 1050 
650 0 7 |a skalné lezenie  |2 SNKPH  |9 1569 
650 0 7 |a Hill climbing  |2 SNKPHeng  |9 276193 
650 0 7 |a Rock climbing  |2 SNKPHeng  |9 370243 
651 7 |a Malé Karpaty (Slovensko : pohorie)  |2 SNKPHgeo  |9 17931 
651 7 |a Malé Karpaty (Slovakia : mountains)  |2 SNKPHeng  |9 343987 
655 7 |a turistickí sprievodcovia (publikácie)  |2 SNKPH  |9 191298 
655 7 |a Tourist guides  |2 SNKPHeng  |9 274119 
655 7 |a lezeckí sprievodcovia (publikácie)  |2 SNKPH  |9 370244 
700 1 |a Greksáková, Zuzana,  |d 1987-  |4 trl  |9 198641 
852 |a Slovenská národná knižnica 
919 |a 978-80-570-6356-8 
954 |a odborná, vedecká literatúra pôvodná (slovenská)  |2 lita 
954 |a iná literatúra (príručky, kuchárske knihy, hobby literatúra, sprievodcovia) pôvodná (slovenská)  |2 lita 
964 9 |a Vladimír Linek (Bratislava, Slovensko) 
999 |c 739986  |d 741916 
952 |a SNK  |b SNK  |y PREZ  |7 0  |p 17A1562192  |o snkSC 209564  |i snk2025/4505  |8 0  |0 0  |1 0  |4 0  |d 2025-03-12  |f 1  |l 0  |r 2025-11-03 00:00:00  |w 2026-02-23